[Event "IMSA Blitz Women 2019"]
[Site "Hengshui"]
[Date "2019.05.17"]
[Round "5.1"]
[White "Harika, Dronavalli"]
[Black "Lei, Tingjie"]
[Result "1-0"]
[WhiteElo "2492"]
[BlackElo "2507"]
[Annotator "ChessBase"]
[PlyCount "101"]
[EventDate "2019.05.17"]
[EventType "blitz"]
[EventCountry "CHN"]
[SourceTitle "playchess.com"]
[Source "ChessBase"]
[SourceQuality "1"]
[TimeControl "180+2"]

1. e4 {[%emt 0:00:00]} e5 {[%emt 0:00:01]} 2. Nf3 {[%emt 0:00:01]} Nc6 {[%emt 0:00:01]} 3. Bc4 {[%emt 0:00:01]} Bc5 {[%emt 0:00:01]} 4. b4 {[%emt 0:00:01]} Bxb4 {[%emt 0:00:12]} 5. c3 {[%emt 0:00:00]} Be7 {[%emt 0:00:01]} 6. d4 {[%emt 0:00:05]} d6 {[%emt 0:00:02]} 7. O-O {[%emt 0:00:03]} Nf6 {[%emt 0:00:07]} 8. Re1 {[%emt 0:00:09]} O-O {[%emt 0:00:03]} 9. h3 {[%emt 0:00:03]} h6 {[%emt 0:00:08]} 10. Bd3 {[%emt 0:00:13]} Re8 {[%emt 0:00:08]} 11. Nbd2 {[%emt 0:00:02]} Bf8 {[%emt 0:00:03]} 12. Nf1 {[%emt 0:00:02]} g6 {[%emt 0:00:04]} 13. Ng3 {[%emt 0:00:19]} Bg7 {[%emt 0:00:03]} 14. Qb3 {[%emt 0:00:11]} Qe7 {[%emt 0:00:26]} 15. a4 {[%emt 0:00:29]} Rb8 {[%emt 0:00:02]} 16. Ba3 {[%emt 0:00:06]} Bd7 {[%emt 0:00:04]} 17. Bb5 {[%emt 0:00:12]} a6 {[%emt 0:00:04]} 18. Bxc6 {[%emt 0:00:01]} bxc6 {[%emt 0:00:05]} 19. Qc4 {[%emt 0:00:01]} exd4 {[%emt 0:00:14]} 20. cxd4 {[%emt 0:00:02]} Qe6 {[%emt 0:00:39]} 21. Qxa6 {[%emt 0:00:06]} Ra8 {[%emt 0:00:01]} 22. Qd3 {[%emt 0:00:46]} Rxa4 {[%emt 0:00:02]} 23. Bb2 {[%emt 0:00:05]} Qc4 {[%emt 0:00:08]} 24. Qxc4 {[%emt 0:00:04]} Rxc4 {[%emt 0:00:01]} 25. Ra7 {[%emt 0:00:01]} Rc2 {[%emt 0:00:06]} 26. Bc1 {[%emt 0:00:19]} Rc8 {[%emt 0:00:02]} 27. Bd2 {[%emt 0:00:08]} d5 {[%emt 0:00:42]} 28. e5 {[%emt 0:00:03]} Ne8 {[%emt 0:00:05]} 29. Bb4 {[%emt 0:00:07]} Rc4 {[%emt 0:00:02]} 30. Bc5 {[%emt 0:00:04]} Bf8 {[%emt 0:00:04]} 31. Bxf8 {[%emt 0:00:02]} Kxf8 {[%emt 0:00:01]} 32. Ne2 {[%emt 0:00:04]} c5 {[%emt 0:00:06]} 33. dxc5 {[%emt 0:00:06]} Rxc5 {[%emt 0:00:01]} 34. Nf4 {[%emt 0:00:00]} Ng7 {[%emt 0:00:02]} 35. Rb1 {[%emt 0:00:04]} Ne6 {[%emt 0:00:07]} 36. Nxe6+ {[%emt 0:00:01]} Bxe6 {[%emt 0:00:02]} 37. Nd4 {[%emt 0:00:02]} Rc4 {[%emt 0:00:01]} 38. Rd1 {[%emt 0:00:03]} c5 {[%emt 0:00:04]} 39. Nxe6+ {[%emt 0:00:02]} fxe6 {[%emt 0:00:01]} 40. Rb1 {[%emt 0:00:00]} Rb4 {[%emt 0:00:00]} 41. Rba1 {[%emt 0:00:05]} Rcb8 {[%emt 0:00:05]} 42. R1a6 {[%emt 0:00:04]} R8b6 {[%emt 0:00:02]} 43. Ra3 {[%emt 0:00:02]} c4 {[%emt 0:00:03]} 44. Rf3+ {[%emt 0:00:01]} Ke8 {[%emt 0:00:01]} 45. Rff7 {[%emt 0:00:00]} Rb1+ {[%emt 0:00:08]} 46. Kh2 {[%emt 0:00:01]} Ra6 {[%emt 0:00:02]} 47. Rac7 {[%emt 0:00:02]} Rc6 {[%emt 0:00:01]} 48. Ra7 {[%emt 0:00:02]} Ra6 {[%emt 0:00:01]} 49. Rae7+ {[%emt 0:00:01]} Kd8 {[%emt 0:00:01]} 50. Rh7 {[%emt 0:00:01]} Rc6 {[%emt 0:00:06]} 51. Reg7 {[%emt 0:00:03]} 1-0

[Event "IMSA Blitz Women 2019"]
[Site "Hengshui"]
[Date "2019.05.17"]
[Round "5.1"]
[White "Zhao, Xue"]
[Black "Stefanova, Antoaneta"]
[Result "0-1"]
[WhiteElo "2485"]
[BlackElo "2470"]
[Annotator "TA"]
[PlyCount "104"]
[EventDate "2019.05.17"]
[EventType "blitz"]
[EventCountry "CHN"]
[SourceTitle "playchess.com"]
[Source "ChessBase"]
[SourceQuality "1"]

{[%evp 17,104,0,5,-10,-10,-19,-13,-36,-13,-42,-28,-47,-54,-54,-59,-58,-54,-63,-50,-85,-85,-121,-117,-191,-208,-304,-293,-292,-235,-218,-236,-216,-213,-274,-295,-295,-197,-179,-52,-299,-314,-290,-218,-207,-177,-175,-180,-211,-214,-206,-120,-191,-162,-334,-245,-240,-208,-221,-195,-183,-172,-225,-63,-59,0,-318,-334,-464,-487,-471,-462,-703,-695,-1034,-1089,-782,-733,-3986,-1826,-29971,-29972,-29974,-29968,-29988,-29989,-29989,-29990,-29998,-29990]} 1. c4 c6 2. Nf3 d5 3. b3 Nf6 4. Bb2 Bf5 5. g3 e6 6. Bg2 h6 7. O-O Nbd7 8. d3 Bc5 9. Nbd2 O-O 10. h3 {A12: English Opening: 1...c6 with b3 by White} (10. Qe1 Bh7 11. e4 a5 12. e5 Ne8 13. d4 Bb4 14. Qe3 Nc7 15. a3 Be7 16. c5 b6 17. b4 Qb8 18. Bc3 {1-0 (82) Granda Zuniga,J (2663)-Van Wely,L (2654) Linares 2015}) 10... a5 11. a3 Bh7 12. Qe1 $146 {The position is equal.} ({Predecessor:} 12. cxd5 exd5 13. Qc1 Re8 14. Re1 Qb6 15. d4 Bd6 16. e3 Qc7 17. a4 Ne4 18. Nxe4 Bxe4 {0-1 (28) Buecker,S (1640)-Reiter,B (1842) Germany 2012}) 12... Qc7 13. Kh2 Rfe8 14. e4 dxe4 15. dxe4 e5 $1 16. Qe2 Bd6 17. Nh4 Nc5 18. Nf5 Bf8 19. Rad1 Rad8 20. Nb1 (20. Ba1 $17) 20... Nxb3 $19 21. Nxh6+ (21. Rxd8 $142 Qxd8 22. Rd1) 21... gxh6 22. Qf3 Nxe4 23. Qxb3 Nc5 24. Qf3 Rxd1 25. Rxd1 Qb6 26. Qe2 {[#]} Nd3 $1 {[%mdl 512]} 27. Rd2 (27. Rxd3 Bxd3) 27... Nxf2 (27... e4 $19 {aiming for ...Bg6.} 28. Nc3 Nxb2 29. Rxb2 Qd4) 28. Bd4 $2 (28. Nc3 $1 $15) 28... Qxb1 ({Weaker is} 28... exd4 29. Qxe8 Nxh3 30. Kxh3 $15) 29. Bxf2 Qf5 30. Rb2 Qd7 ({Don't do} 30... Bxa3 31. Rxb7 e4 32. Be3 $17) 31. Rd2 Qe6 32. c5 e4 33. Be3 Qf6 ({Better is} 33... Bg6 $19 34. Rb2 Qe7) 34. Rd1 (34. Rd7 $17 {is a better defense.}) 34... Bg6 35. Rf1 $2 (35. Qd2) 35... Qe6 36. Rb1 Qd7 37. Rd1 Qe7 38. h4 h5 39. Bh3 (39. Qd2 {might work better.}) 39... Ra8 $2 ({Black should try} 39... Rd8 $19 {Strongly threatening ...Rd3.} 40. Bg5 f6 41. Rxd8 Qxd8 42. Be6+ Kh7) 40. Rd7 $15 Qe5 (40... Qe8 $15) 41. Rxb7 $2 {[%mdl 8192]} (41. Bd4 $11 {and White has nothing to worry.} Qe8 42. Qe3) 41... Bxc5 $19 42. Bxc5 Qxc5 43. Bg2 Re8 44. Qb2 (44. Rc7 $142 Qxa3 45. Qc4) 44... e3 {[#] ...e2 is the strong threat.} 45. Rb8 Rxb8 46. Qxb8+ Kh7 47. Qe8 Qxa3 (47... Qd4 $142 48. Qe7 c5) 48. Be4 Qb2+ {Black mates.} 49. Kh3 Qf6 50. Bxc6 Qf5+ 51. Kh2 Qf2+ 52. Kh3 Bf5+ 0-1

[Event "IMSA Blitz Women 2019"]
[Site "Hengshui"]
[Date "2019.05.17"]
[Round "5.1"]
[White "Khotenashvili, Bela"]
[Black "Gunina, Valentina"]
[Result "0-1"]
[WhiteElo "2476"]
[BlackElo "2506"]
[Annotator "RC"]
[PlyCount "108"]
[EventDate "2019.05.17"]
[EventType "blitz"]
[EventCountry "CHN"]
[SourceTitle "playchess.com"]
[Source "ChessBase"]
[SourceQuality "1"]
[TimeControl "180+2"]

1. Nf3 {[%emt 0:00:00]} d5 {[%emt 0:00:00]} 2. g3 {[%emt 0:00:00]} c6 {[%emt 0:00:00]} 3. Bg2 {[%emt 0:00:02]} Bg4 {[%emt 0:00:02]} 4. O-O {[%emt 0:00:12]} Nd7 {[%emt 0:00:01]} 5. d3 {[%emt 0:00:08]} Ngf6 {[%emt 0:00:02]} 6. h3 {[%emt 0:00:12]} Bxf3 {[%emt 0:00:02]} 7. Bxf3 {[%emt 0:00:01]} e5 {[%emt 0:00:01]} 8. Bg2 {[%emt 0:00:02]} Bc5 {[%emt 0:00:01]} 9. Nd2 {[%emt 0:00:12]} O-O {[%emt 0:00:03]} 10. Nb3 {[%emt 0:00:09]} Bd6 {[%emt 0:00:02]} 11. c4 {[%emt 0:00:18]} dxc4 {[%emt 0:00:10]} 12. dxc4 {[%emt 0:00:01]} Qe7 {[%emt 0:00:01]} 13. Qc2 {[%emt 0:00:14]} Rfd8 {[%emt 0:00:03]} 14. Be3 {[%emt 0:00:05]} Nc5 {[%emt 0:00:06]} 15. Rfd1 {[%emt 0:00:02]} Ne6 {[%emt 0:00:09]} 16. Rd2 {[%emt 0:00:23]} c5 {[%emt 0:00:02]} 17. Re1 {[%emt 0:00:26]} Nd4 {[%emt 0:00:11]} 18. Bxd4 {[%emt 0:00:02]} cxd4 {[%emt 0:00:03]} 19. e3 {[%emt 0:00:02]} Bb4 {[%emt 0:00:06]} 20. exd4 {[%emt 0:00:03]} Bxd2 {[%emt 0:00:01]} 21. Qxd2 {[%emt 0:00:01]} Rac8 {[%emt 0:00:21]} 22. Qe2 {[%emt 0:00:09]} e4 {[%emt 0:00:07]} 23. d5 {[%emt 0:00:11]} Qb4 {[%emt 0:00:06]} 24. Rc1 {[%emt 0:00:27]} a5 {[%emt 0:00:03]} 25. Rc2 {[%emt 0:00:13]} b5 {[%emt 0:00:24]} 26. cxb5 {[%emt 0:00:07]} Rxc2 {[%emt 0:00:01]} 27. Qxc2 {[%emt 0:00:01]} Qxb5 {[%emt 0:00:01]} 28. Bxe4 {[%emt 0:00:05]} Nxe4 {[%emt 0:00:11]} 29. Qxe4 {[%emt 0:00:01]} a4 {[%emt 0:00:14]} 30. Nd4 {[%emt 0:00:08]} Qxd5 {[%emt 0:00:06]} 31. Qxd5 {[%emt 0:00:01]} Rxd5 {[%emt 0:00:01]} 32. Ne2 {[%emt 0:00:03]} Rc5 {[%emt 0:00:16]} 33. a3 {[%emt 0:00:00]} Rc2 {[%emt 0:00:06]} 34. Nc3 {[%emt 0:00:01]} Rxb2 {[%emt 0:00:01]} 35. Nxa4 {[%emt 0:00:01]} Ra2 {[%emt 0:00:01]} 36. Nc5 {[%emt 0:00:01]} Rxa3 {[%emt 0:00:01]} 37. Ne4 {[%emt 0:00:03]} h6 {[%emt 0:00:04]} 38. h4 {[%emt 0:00:01]} Kf8 {[%emt 0:00:03]} 39. Kg2 {[%emt 0:00:01]} Ke7 {[%emt 0:00:01]} 40. Nd2 {[%emt 0:00:02]} Ra2 {[%emt 0:00:02]} 41. Nf3 {[%emt 0:00:01]} Kd6 {[%emt 0:00:05]} 42. Nd4 {[%emt 0:00:02]} Ke5 {[%emt 0:00:06]} 43. Nc6+ {[%emt 0:00:03]} Ke4 {[%emt 0:00:05]} 44. Nd8 {[%emt 0:00:08]} Ra7 {[%emt 0:00:01]} 45. Nc6 {[%emt 0:00:01]} Rc7 {[%emt 0:00:03]} 46. Nb4 {[%emt 0:00:00]} Rc4 {[%emt 0:00:05]} 47. Na6 {[%emt 0:00:01]} Kd3 {[%emt 0:00:02]} 48. Nb8 {[%emt 0:00:03]} Rc7 {[%emt 0:00:25]} 49. Na6 {[%emt 0:00:01]} Rc1 {[%emt 0:00:06]} 50. Nb4+ {[%emt 0:00:02]} Ke4 {[%emt 0:00:06]} 51. Na6 {[%emt 0:00:05]} Rc4 {[%emt 0:00:03]} 52. Nb8 {[%emt 0:00:03]} Kd5 {[%emt 0:00:05]} 53. Nd7 {[%emt 0:00:02]} Kd6 {[%emt 0:00:04]} 54. Nb6 {[%emt 0:00:01]} Rb4 {[%emt 0:00:03]} 0-1

[Event "IMSA Blitz Women 2019"]
[Site "Hengshui"]
[Date "2019.05.17"]
[Round "5.1"]
[White "Paehtz, Elisabeth"]
[Black "Ushenina, Anna"]
[Result "1/2-1/2"]
[WhiteElo "2470"]
[BlackElo "2442"]
[Annotator "RC"]
[PlyCount "145"]
[EventDate "2019.05.17"]
[EventType "blitz"]
[EventCountry "CHN"]
[SourceTitle "playchess.com"]
[Source "ChessBase"]
[SourceQuality "1"]
[TimeControl "180+2"]

1. d4 {[%emt 0:00:00]} d5 {[%emt 0:00:01]} 2. Bf4 {[%emt 0:00:00]} c5 {[%emt 0:00:03]} 3. e3 {[%emt 0:00:01]} Nc6 {[%emt 0:00:02]} 4. Nf3 {[%emt 0:00:02]} Bg4 {[%emt 0:00:06]} 5. c3 {[%emt 0:00:11]} e6 {[%emt 0:00:02]} 6. Qb3 {[%emt 0:00:04]} Qd7 {[%emt 0:00:05]} 7. Ne5 {[%emt 0:00:08]} Nxe5 {[%emt 0:00:02]} 8. Bxe5 {[%emt 0:00:02]} Ne7 {[%emt 0:00:01]} 9. dxc5 {[%emt 0:00:05]} Nc6 {[%emt 0:00:01]} 10. Bd6 {[%emt 0:00:02]} Bxd6 {[%emt 0:00:03]} 11. cxd6 {[%emt 0:00:01]} O-O {[%emt 0:00:22]} 12. Qa3 {[%emt 0:00:08]} Rfd8 {[%emt 0:00:04]} 13. Nd2 {[%emt 0:00:02]} Qxd6 {[%emt 0:00:06]} 14. Qxd6 {[%emt 0:00:02]} Rxd6 {[%emt 0:00:01]} 15. f3 {[%emt 0:00:06]} Bf5 {[%emt 0:00:06]} 16. Nb3 {[%emt 0:00:12]} Bg6 {[%emt 0:00:13]} 17. O-O-O {[%emt 0:00:16]} Ne7 {[%emt 0:00:11]} 18. Bd3 {[%emt 0:00:04]} Rc6 {[%emt 0:00:07]} 19. Bxg6 {[%emt 0:00:03]} hxg6 {[%emt 0:00:05]} 20. Rhe1 {[%emt 0:00:06]} b5 {[%emt 0:00:17]} 21. Kb1 {[%emt 0:00:12]} a5 {[%emt 0:00:05]} 22. e4 {[%emt 0:00:12]} Rb6 {[%emt 0:00:19]} 23. Rc1 {[%emt 0:00:11]} dxe4 {[%emt 0:00:16]} 24. Rxe4 {[%emt 0:00:09]} Nd5 {[%emt 0:00:02]} 25. c4 {[%emt 0:00:03]} bxc4 {[%emt 0:00:05]} 26. Rcxc4 {[%emt 0:00:09]} Rb4 {[%emt 0:00:34]} 27. Rxb4 {[%emt 0:00:06]} axb4 {[%emt 0:00:01]} 28. Nc1 {[%emt 0:00:04]} Kf8 {[%emt 0:00:09]} 29. Nd3 Rb8 30. Kc2 {[%emt 0:00:08]} Ke7 {[%emt 0:00:15]} 31. Kb3 {[%emt 0:00:03]} f5 {[%emt 0:00:01]} 32. Rc4 {[%emt 0:00:02]} Ne3 {[%emt 0:00:02]} 33. Rc7+ {[%emt 0:00:02]} Kf6 {[%emt 0:00:01]} 34. g3 {[%emt 0:00:09]} g5 {[%emt 0:00:00]} 35. Rc6 {[%emt 0:00:10]} Nf1 {[%emt 0:00:05]} 36. f4 {[%emt 0:00:12]} Nxh2 {[%emt 0:00:04]} 37. fxg5+ {[%emt 0:00:02]} Kxg5 {[%emt 0:00:01]} 38. Rxe6 {[%emt 0:00:02]} Nf1 {[%emt 0:00:01]} 39. Nxb4 {[%emt 0:00:10]} Nxg3 {[%emt 0:00:01]} 40. a4 {[%emt 0:00:10]} f4 {[%emt 0:00:01]} 41. Kc3 {[%emt 0:00:07]} Kf5 42. Rc6 {[%emt 0:00:07]} Ne4+ {[%emt 0:00:06]} 43. Kc4 {[%emt 0:00:04]} Nd2+ {[%emt 0:00:03]} 44. Kc3 {[%emt 0:00:02]} Ne4+ {[%emt 0:00:02]} 45. Kc4 {[%emt 0:00:01]} f3 {[%emt 0:00:05]} 46. Nd3 {[%emt 0:00:01]} Ra8 {[%emt 0:00:05]} 47. b3 {[%emt 0:00:06]} f2 {[%emt 0:00:03]} 48. Nxf2 {[%emt 0:00:02]} Nxf2 {[%emt 0:00:00]} 49. Rc5+ {[%emt 0:00:03]} Kf4 {[%emt 0:00:02]} 50. a5 {[%emt 0:00:02]} g5 {[%emt 0:00:01]} 51. b4 {[%emt 0:00:01]} Ne4 {[%emt 0:00:00]} 52. Rc7 {[%emt 0:00:02]} g4 {[%emt 0:00:02]} 53. Rf7+ {[%emt 0:00:02]} Ke3 {[%emt 0:00:02]} 54. Kd5 {[%emt 0:00:02]} g3 {[%emt 0:00:03]} 55. Rg7 {[%emt 0:00:05]} Rd8+ {[%emt 0:00:06]} 56. Kc6 {[%emt 0:00:01]} Kf4 {[%emt 0:00:03]} 57. a6 {[%emt 0:00:03]} Ng5 {[%emt 0:00:01]} 58. Re7 {[%emt 0:00:05]} g2 {[%emt 0:00:00]} 59. Re1 {[%emt 0:00:01]} Nf3 {[%emt 0:00:01]} 60. Rb1 {[%emt 0:00:02]} Kg3 {[%emt 0:00:05]} 61. a7 {[%emt 0:00:03]} Kf2 {[%emt 0:00:02]} 62. Rb2+ {[%emt 0:00:03]} Nd2 {[%emt 0:00:01]} 63. Rxd2+ {[%emt 0:00:01]} Rxd2 {[%emt 0:00:01]} 64. a8=Q {[%emt 0:00:01]} g1=Q {[%emt 0:00:02]} 65. Qa7+ {[%emt 0:00:02]} Kf1 {[%emt 0:00:01]} 66. Qxg1+ {[%emt 0:00:01]} Kxg1 {[%emt 0:00:02]} 67. b5 {[%emt 0:00:01]} Rc2+ {[%emt 0:00:01]} 68. Kd7 {[%emt 0:00:02]} Kf2 {[%emt 0:00:01]} 69. b6 {[%emt 0:00:01]} Ke3 {[%emt 0:00:01]} 70. b7 {[%emt 0:00:00]} Rb2 {[%emt 0:00:01]} 71. Kc8 {[%emt 0:00:01]} Rc2+ {[%emt 0:00:00]} 72. Kd7 {[%emt 0:00:01]} Rb2 {[%emt 0:00:02]} 73. Kc8 {[%emt 0:00:00]} 1/2-1/2

[Event "IMSA Blitz Women 2019"]
[Site "Hengshui"]
[Date "2019.05.17"]
[Round "5.1"]
[White "Bodnaruk, Anastasia"]
[Black "Muzychuk, Mariya"]
[Result "1/2-1/2"]
[WhiteElo "2431"]
[BlackElo "2563"]
[Annotator "TA"]
[PlyCount "94"]
[EventDate "2019.05.17"]
[EventType "blitz"]
[EventCountry "CHN"]
[SourceTitle "playchess.com"]
[Source "ChessBase"]
[SourceQuality "1"]

{[%evp 12,94,15,17,21,6,12,4,7,-14,-16,-2,22,13,30,0,18,8,19,10,20,0,0,-28,-28,-17,-28,-56,33,18,31,2,61,56,132,128,145,144,142,98,111,-29,129,-22,54,67,57,62,169,91,85,39,37,39,44,-118,-112,-119,-124,-118,-77,-51,-36,-98,-41,-167,-160,-504,-218,-193,-47,-54,-14,-14,-14,-114,-39,-45,0,-127,0,-53,0,-117,0]} 1. e4 e5 2. Nf3 Nc6 3. Bc4 Bc5 4. d3 Nf6 5. Bg5 O-O 6. O-O h6 7. Bh4 Be7 {C50: Hungarian Defence and Giuoco Pianissimo} 8. c3 (8. Bg3 d6 9. a4 Be6 10. Nbd2 Bxc4 11. Nxc4 g6 12. c3 Nh5 13. Qb3 Rb8 14. Rfe1 Bf6 15. Rad1 {½-½ (40) Adhiban,B (2668)-So,W (2776) Douglas 2018}) 8... d6 9. Re1 Nh5 $146 {The position is equal.} ({Predecessor:} 9... a6 10. Bb3 Nd7 11. Bg3 Nc5 12. Bc2 Bg4 13. Nbd2 Ne6 14. Qe2 Bg5 15. Nf1 {1-0 (51) Gu,T (1889)-Molefe,T Maribor 2012}) 10. Bg3 Nxg3 11. hxg3 Kh8 12. Nbd2 f5 13. Nf1 f4 14. gxf4 Rxf4 15. Ne3 Rf8 16. a4 Qe8 17. Nh2 Qg6 18. Qe2 Bd7 19. Kh1 Rf4 (19... Bg5 $15) 20. g3 $14 Rff8 21. Nd5 Rac8 (21... Bd8 $11) 22. Rg1 $1 Bf6 (22... h5 $14) 23. f4 $16 Ne7 24. f5 Qg5 25. Nxf6 Qxf6 26. Qe3 (26. g4 $16 Qh4 27. Rg2) 26... Bc6 $2 (26... d5 $11 27. Bb3 d4) 27. Rg2 $2 ({White must play} 27. g4 $1 $16) 27... d5 (27... Nxf5 $1 $11 28. exf5 Qxf5) 28. Bb5 $1 $14 dxe4 29. dxe4 Rcd8 (29... Nxf5 $1 $14 30. exf5 Bxg2+ 31. Kxg2 Qxf5) 30. Ng4 (30. Nf3 $18) 30... Qd6 $16 31. f6 Ng8 $1 {[%cal Rg8f6]} 32. fxg7+ Kxg7 33. Bc4 $2 (33. Bxc6 $14 Qxc6 34. Nxe5) 33... Qg6 $17 34. Nf2 Nf6 {[%cal Rf6e4]} 35. Re1 Ng4 36. Nxg4 Qxg4 37. Kg1 (37. Qc5 $1 $15) 37... Rf3 (37... Rd1 $17 38. Rf2 Rxf2 39. Kxf2 Rd6) 38. Qc5 (38. Qe2 $1 $15) 38... Qg5 $19 39. g4 $2 {[#]} (39. Kh1 $17) 39... Rf4 (39... Bxe4 $142 $1 {[%mdl 512] Hoping for ...Kg6.} 40. Be2 (40. Rxe4 Rd1+) 40... Rf4) 40. Bd5 Rxg4 (40... Rd6 $19 41. Qa5 Kh7 42. Bxc6 Rxc6) 41. Ree2 $15 {Black must now prevent Rxg4.} Qc1+ 42. Kh2 Qf4+ 43. Kh3 {[#]} (43. Kg1 $11 {keeps the balance.} Kh8 44. Rxg4 Qxg4+ {[%mdl 64] Double Attack} 45. Rg2 Qd1+ 46. Kh2) 43... Qf3+ (43... Kh8 $1 $17 {[%csl Gf4][%cal Rg4h4][%mdl 512]} 44. Rxg4 Qf3+ 45. Kh2 (45. Kh4 Qxe2 46. Qg1 Bxd5 $17) 45... Qxg4) 44. Kh2 Qf4+ $40 {[%mdl 128] Black has some attack.} (44... Bxd5 45. Qxc7+ Kg6 46. Rxg4+ Qxg4 47. Rg2 $16) ({Better is} 44... Kh8 $15 45. Rxg4 Qxg4) 45. Kh3 $17 {[#] Qe7+ would kill now.} Qf3+ (45... Kh8 $1 $17 {[%csl Gf4][%cal Rg4h4][%mdl 512]} 46. Rxg4 Qf3+ 47. Kh2 (47. Kh4 Qxe2 48. Qg1 Bxd5 $17) 47... Qxg4) 46. Kh2 $15 {Threatening mate with Qe7+.} Qf4+ ({Inferior is} 46... Bxd5 47. Qxc7+ Kg6 48. Rxg4+ Qxg4 49. Rg2 $16) ({Black should try} 46... Kh8 $15 47. Rxg4 Qxg4) 47. Kh3 $17 {[#] White wants to mate with Qe7+.} Qf3+ {Accuracy: White = 31%, Black = 23%.} (47... Kh8 $1 $17 {[%csl Gf4][%cal Rg4h4][%mdl 512]} 48. Rxg4 Qf3+ 49. Kh2 (49. Kh4 Qxe2 50. Qg1 Bxd5 $17) 49... Qxg4) 1/2-1/2

[Event "IMSA Blitz Women 2019"]
[Site "Hengshui"]
[Date "2019.05.17"]
[Round "5.1"]
[White "Krush, Irina"]
[Black "Abdumalik, Zhansaya"]
[Result "1-0"]
[WhiteElo "2422"]
[BlackElo "2464"]
[Annotator "ChessBase"]
[PlyCount "61"]
[EventDate "2019.05.17"]
[EventType "blitz"]
[EventCountry "CHN"]
[SourceTitle "playchess.com"]
[Source "ChessBase"]
[SourceQuality "1"]
[TimeControl "180+2"]

1. d4 {[%emt 0:00:00]} Nf6 {[%emt 0:00:00]} 2. c4 {[%emt 0:00:01]} g6 {[%emt 0:00:01]} 3. Nc3 d5 4. cxd5 {[%emt 0:00:02]} Nxd5 {[%emt 0:00:01]} 5. e4 {[%emt 0:00:01]} Nxc3 {[%emt 0:00:01]} 6. bxc3 {[%emt 0:00:01]} Bg7 {[%emt 0:00:01]} 7. Bc4 {[%emt 0:00:02]} c5 {[%emt 0:00:03]} 8. Ne2 {[%emt 0:00:01]} O-O {[%emt 0:00:02]} 9. O-O {[%emt 0:00:02]} Nd7 {[%emt 0:00:05]} 10. Be3 {[%emt 0:00:08]} Qc7 {[%emt 0:00:03]} 11. Rc1 {[%emt 0:00:03]} b6 {[%emt 0:00:02]} 12. f4 {[%emt 0:00:18]} Bb7 {[%emt 0:00:08]} 13. Ng3 {[%emt 0:00:02]} e6 {[%emt 0:00:16]} 14. f5 {[%emt 0:00:05]} exf5 {[%emt 0:00:19]} 15. exf5 {[%emt 0:00:02]} Qc6 {[%emt 0:00:02]} 16. Qd2 {[%emt 0:00:35]} Nf6 {[%emt 0:00:09]} 17. Bg5 {[%emt 0:00:16]} Kh8 {[%emt 0:00:31]} 18. d5 {[%emt 0:00:35]} Qd7 {[%emt 0:00:17]} 19. Bxf6 {[%emt 0:00:10]} Bxf6 {[%emt 0:00:01]} 20. Ne4 {[%emt 0:00:02]} Be5 {[%emt 0:00:03]} 21. f6 {[%emt 0:00:11]} Qg4 {[%emt 0:01:15]} 22. Qh6 {[%emt 0:00:02]} Bxh2+ {[%emt 0:00:16]} 23. Kxh2 {[%emt 0:00:09]} Qh5+ {[%emt 0:00:01]} 24. Qxh5 {[%emt 0:00:02]} gxh5 {[%emt 0:00:00]} 25. Nd6 {[%emt 0:00:07]} Bc8 {[%emt 0:00:03]} 26. Nxc8 {[%emt 0:00:07]} Raxc8 {[%emt 0:00:01]} 27. Rce1 {[%emt 0:00:02]} Rcd8 {[%emt 0:00:03]} 28. Re7 {[%emt 0:00:04]} a6 {[%emt 0:00:01]} 29. Bxa6 {[%emt 0:00:10]} Rxd5 {[%emt 0:00:01]} 30. Bc4 {[%emt 0:00:01]} Rd6 {[%emt 0:00:07]} 31. Rxf7 {[%emt 0:00:05]} 1-0

[Event "IMSA Blitz Women 2019"]
[Site "Hengshui"]
[Date "2019.05.17"]
[Round "5.2"]
[White "Muzychuk, Mariya"]
[Black "Bodnaruk, Anastasia"]
[Result "0-1"]
[WhiteElo "2563"]
[BlackElo "2431"]
[Annotator "TA"]
[PlyCount "130"]
[EventDate "2019.05.17"]
[EventType "blitz"]
[EventCountry "CHN"]
[SourceTitle "playchess.com"]
[Source "ChessBase"]
[SourceQuality "1"]

{[%evp 19,130,40,41,12,45,45,59,43,43,45,72,77,78,86,81,55,59,47,71,41,59,41,41,47,66,59,78,60,89,56,61,41,41,41,56,56,56,56,56,41,56,49,49,46,49,49,49,49,57,49,67,66,150,106,151,42,48,42,76,56,94,72,132,87,95,96,174,105,105,105,105,105,374,314,322,0,0,0,0,0,0,0,0,0,0,0,40,-341,-350,-294,-153,-352,-169,-664,-333,-968,-893,-1172,-954,-1106,-1081,-1026,-981,-1516,-1099,-1579,-1465,-1494,-1551,-4794,-4279,-2611,-2322]} 1. e4 c5 2. Nf3 d6 3. Bb5+ Nd7 4. d4 cxd4 ({Predecessor:} 4... Ngf6 5. O-O cxd4 6. Qxd4 e5 7. Qd3 h6 8. c4 Be7 9. Nc3 O-O 10. Bxd7 Bxd7 11. b3 a6 12. a4 {1-0 (44) Garcia Martin,M (2062)-Rodriguez Garcia,M (2195) Linares 2015}) 5. Qxd4 a6 6. Bxd7+ Bxd7 7. c4 e5 8. Qd3 Nf6 9. Nc3 h6 10. O-O Be7 11. b3 $146 {B51: Sicilian: Moscow Variation (3 Bb5+) without 3...Bd7} (11. a4 O-O 12. b3 Be6 13. Be3 Ng4 14. Rfd1 Nxe3 15. Qxe3 Rc8 16. Nxe5 Bg5 17. f4 Bxf4 18. Qxf4 dxe5 19. Rxd8 exf4 20. Rxc8 Rxc8 {½-½ (32) Anand,V (2779)-Topalov,V (2760) Saint Louis 2016}) 11... Qc7 12. a4 O-O 13. Ba3 {White is slightly better.} Be6 14. Rfd1 {[%cal Ra3d6]} Rfd8 15. Nd2 Nd7 16. Nf1 Nc5 17. Qc2 Bg5 18. Bc1 Qe7 19. Bxg5 Qxg5 20. Ne3 a5 21. Rd2 Rac8 22. Rad1 Rc6 23. Nb5 Qe7 24. f3 b6 25. Nd5 (25. Nf5 {is more complex.} Qg5 26. Nbxd6 g6 27. h4 Qf6 28. Ne3) 25... Bxd5 26. Rxd5 Na6 27. Qf2 Nc5 28. Qe3 Rd7 29. R5d2 Qe6 30. Qc3 Rd8 31. Qc2 Rd7 32. Nc3 Qg6 33. Nd5 Ne6 34. Qc3 Nd4 35. Qe3 f5 (35... Ne6 $14) 36. exf5 Qxf5 {[#]} 37. Qd3 (37. f4 $1 $16) 37... Qxd3 $14 38. Rxd3 Kf7 39. Kf2 Ke6 40. f4 Rd8 (40... Rf7 $142) 41. g3 Rf8 42. Kg2 g5 (42... Re8 $16 {might work better.}) 43. fxe5 (43. Re1 $18 {Hoping for Rxd4.} Nf5 44. g4) 43... dxe5 $16 44. Re1 {aiming for Rxd4.} Kd6 45. Nc3 Rf5 $2 {[%mdl 8192]} (45... Re8 $16) 46. Nb5+ Kc5 47. Nxd4 $2 (47. g4 $18 Nc2 48. Re2) 47... exd4 $18 {[%mdl 4096] Endgame KRR-KRR} 48. Re4 Rd6 49. g4 Rf7 50. Re5+ Kb4 51. Rb5+ Ka3 52. Rd5 Rfd7 53. Rxd6 $4 {[%mdl 8192]} (53. R3xd4 $1 $14 {stays ahead.} Rxd5 54. Rxd5) 53... Rxd6 $14 {KR-KR} 54. Kf3 Kb4 ({Black should try} 54... Re6 $19 {Strongly threatening ...Re3+!} 55. Kf2 Re4) 55. Ke4 $2 {[#]} (55. Ke2 $17 {only move.}) 55... Kc5 (55... Rd8 $142 $1 56. Kf3 Kc5) 56. Ke5 $2 (56. Kf5) 56... Rd8 $19 57. Kf5 $2 (57. Ke4) 57... Re8 {Black is clearly winning.} 58. Kg6 Re6+ 59. Kg7 Re3 60. Rd1 Rh3 61. Kg6 d3 62. Kf5 Kd4 63. Ke6 Kc3 64. Kd5 Kc2 65. Rf1 d2 {Accuracy: White = 44%, Black = 42%.} 0-1